[Event "Tourn. n8462"]
[Site "www.chess-mail.com"]
[Date "2016.01.07"]
[Round "1"]
[White "Cathar"]
[Black "Wwgia"]
[WhiteElo "2280"]
[BlackElo "2220"]
[Result "1/2-1/2"]
[Round "1"]
1.Ng1f3 Ng8f6
2.c4 g6
3.Nb1c3 Bf8g7
4.e4 O-O
5.d4 d6
6.h3 c5
7.d5 e6
8.Bf1d3 exd5
9.exd5 Rf8e8
10.Bc1e3 Nb8d7
11.O-O Nd7e5
12.Nf3xe5 dxe5
13.Be3xc5 b6
14.Bc5a3 e4
15.Bd3e2 a6
16.Ra1c1 Bc8b7
17.Qd1b3 e3
18.f3 Nf6h5
19.Rf1e1 Nh5f4
20.Be2f1 Qd8h4
21.Nc3e2 Qh4f2
22.Kh1 Bg7h6
23.Ba3d6 Nf4h5
24.Qb3xb6 Bb7c8
25.Bd6h2 Bc8d7
26.Bh2g1 Qf2h4
27.c5 Bd7b5
28.Bg1h2 Bb5xe2
29.Bf1xe2 Nh5g3
30.Kg1 Bh6f4
31.d6 Ra8b8
32.Qb6xa6 Ng3h5
33.Bh2xf4 Qh4f2
34.Kh1 Nh5xf4
35.Be2f1 Rb8xb2
36.d7 Re8f8
37.Qa6d6 Nf4xh3
38.gxh3 Qf2xf3
39.Kg1 Qf3f2
{ draw }
1/2-1/2

[Event "Tourn. n8494"]
[Site "www.chess-mail.com"]
[Date "2016.01.07"]
[Round "1"]
[White "Rons"]
[Black "Liencam2"]
[WhiteElo "2590"]
[BlackElo "2340"]
[Result "1-0"]
[Round "1"]
1.e4 c5
2.Ng1f3 e6
3.d4 cxd4
4.Nf3xd4 a6
5.Bf1d3 Bf8c5
6.Nd4b3 Bc5e7
7.Qd1g4 g6
8.Qg4e2 Nb8c6
9.Nb1c3 d6
10.O-O Qd8c7
11.Bc1d2 Be7f8
12.a4 Bf8g7
13.f4 Ng8e7
14.Bd2e3 b6
15.Qe2f2 Ra8b8
16.Nb3d4 Nc6xd4
17.Be3xd4 Bg7xd4
18.Qf2xd4 Qc7c5
19.Qd4f2 Bc8d7
20.Bd3xa6 O-O
21.Qf2xc5 dxc5
22.Rf1d1 Bd7c6
23.b3 Rf8d8
24.Rd1xd8 Rb8xd8
25.Ba6d3 Rd8d4
26.g3 Ne7c8
27.a5 Bc6d7
28.Nc3e2 Rd4d6
29.a6 Nc8a7
30.e5 Rd6c6
31.Ne2c3 Rc6c7
32.Nc3e4 Bd7c6
33.Ne4f6 Kh8
34.Ra1d1 Na7b5
35.Bd3xb5 Bc6xb5
36.Rd1d8 Kg7
37.Rd8g8 Kh6
38.g4 Bb5xa6
39.g5 { resign }
1-0

[Event "Tourn. n8527"]
[Site "www.chess-mail.com"]
[Date "2016.01.07"]
[Round "1"]
[White "Norlavuaram"]
[Black "Genius7"]
[WhiteElo "2150"]
[BlackElo "2110"]
[Result "1/2-1/2"]
[Round "1"]
1.e4 c5
2.Ng1f3 Nb8c6
3.d4 cxd4
4.Nf3xd4 e5
5.Nd4b5 d6
6.c4 a6
7.Nb5c3 Bf8e7
8.Bf1d3 Ng8f6
9.O-O O-O
10.h3 Nc6b4
11.Bc1e3 Nb4xd3
12.Qd1xd3 Bc8e6
13.b3 Nf6d7
14.Nb1d2 f5
15.f3 f4
16.Be3f2 Nd7c5
17.Qd3c2 Ra8c8
{ draw }
1/2-1/2

[Event "Tourn. n8525"]
[Site "www.chess-mail.com"]
[Date "2016.01.07"]
[Round "1"]
[White "Genius7"]
[Black "Guidom"]
[WhiteElo "2100"]
[BlackElo "2040"]
[Result "1/2-1/2"]
[Round "1"]
1.c4 c5
2.Nb1c3 Nb8c6
3.Ng1f3 Ng8f6
4.d4 cxd4
5.Nf3xd4 Nc6xd4
6.Qd1xd4 d6
7.e4 e5
8.Qd4d1 Bc8d7
9.Bf1d3 Bf8e7
10.O-O O-O
11.Bc1e3 b6
12.Nc3d5 Nf6xd5
13.cxd5 f5
14.exf5 Bd7xf5
15.Bd3xf5 { draw }
1/2-1/2

[Event "Match"]
[Site "www.echecsemail.com"]
[Date "2016.01.07"]
[Round "1"]
[White "Robinjut"]
[Black "Tomcapp"]
[WhiteElo "1570"]
[BlackElo "1590"]
[Result "0-1"]
[Round "1"]
1.e4 e5
2.Ng1f3 Nb8c6
3.a3 Ng8f6
4.h3 Bf8c5
5.Nb1c3 O-O
6.d3 d6
7.Bc1g5 Nc6d4
8.Bg5xf6 gxf6
9.Nf3xd4 Bc5xd4
10.Qd1f3 Bd4xc3
11.bxc3 c5
12.Bf1e2 f5
13.Qf3g3 Kh8
14.O-O Rf8g8
15.Qg3f3 f4
16.g4 b5
17.Ra1b1 b4
18.axb4 cxb4
19.cxb4 a6
 { time }
0-1

[Event "Match"]
[Site "www.echecsemail.com"]
[Date "2016.01.07"]
[Round "1"]
[White "Ssharp"]
[Black "Bluetealeaf"]
[WhiteElo "2220"]
[BlackElo "1730"]
[Result "1-0"]
[Round "1"]
1.e4 e5
2.Ng1f3 f6
3.Nf3xe5 Qd8e7
4.Ne5f3 Nb8c6
5.Nb1c3 a6
6.d4 d6
7.Bf1e2 g5
8.d5 Nc6e5
9.Nf3xe5 Qe7xe5
10.Be2h5 Kd8
11.O-O Bc8d7
12.f4 Qe5e7
13.f5 Ng8h6
14.Bh5f3 Qe7e5
15.Bc1e3 Bd7xf5
16.Be3d4 Qe5e7
17.exf5 Nh6xf5
18.Rf1e1 Qe7f7
19.Bf3h5 Qf7g7
20.Re1e8 Kd7
21.Re8xa8 Nf5h4
22.Bh5e8 { resign }
1-0

[Event "Match"]
[Site "www.echecsemail.com"]
[Date "2016.01.07"]
[Round "1"]
[White "Ipswich"]
[Black "Billyg"]
[WhiteElo "1550"]
[BlackElo "1650"]
[Result "1-0"]
[Round "1"]
1.d4 d6
2.e4 a6
3.Nb1c3 h6
4.f4 f5
5.Qd1h5 g6
6.Qh5xg6 Kd7
7.Qg6xf5 e6
8.Qf5h3 Ke8
9.Qh3h5 Kd7
10.f5 Ng8f6
11.fxe6 Kxe6
12.Bf1c4 Ke7
13.Qh5f7 { resign }
1-0

[Event "Match"]
[Site "www.echecsemail.com"]
[Date "2016.01.07"]
[Round "1"]
[White "Tonino1"]
[Black "Cristiano"]
[WhiteElo "2050"]
[BlackElo "2100"]
[Result "1-0"]
[Round "1"]
1.d4 Ng8f6
2.Ng1f3 g6
3.e3 d6
4.Bf1d3 Bf8g7
5.b3 Nb8d7
6.Bc1b2 O-O
7.Nb1d2 c6
8.O-O Ra8b8
9.Qd1e2 a6
10.c4 e6
11.Ra1c1 Rf8e8
12.e4 c5
13.e5 dxe5
14.dxe5 Nf6h5
15.g3 Bg7f8
16.Nd2e4 b6
17.Qe2e3 Bc8b7
18.g4 Bb7xe4
19.Bd3xe4 Nh5g7
20.Rc1d1 Qd8c8
21.Rd1d3 Re8d8
22.Rf1d1 Ng7e8
23.Qe3g5 h6
24.Qg5f4 Kh7
25.Qf4xf7 { resign }
1-0

[Event "Match"]
[Site "www.echecsemail.com"]
[Date "2016.01.07"]
[Round "1"]
[White "Ranjachess"]
[Black "Rindrandria"]
[WhiteElo "1730"]
[BlackElo "1560"]
[Result "0-1"]
[Round "1"]
1.Nb1c3 c5
2.e3 d5
3.Bf1b5 Nb8c6
4.Ng1f3 f6
5.d4 e6
6.b3 Qd8a5
7.Bc1d2 cxd4
8.Nf3xd4 Kf7
9.Nc3xd5 Qa5d8
10.Nd5c3 Nc6xd4
11.exd4 Qd8xd4
12.O-O Bf8b4
13.Bb5d3 Bb4xc3
14.Qd1h5 g6
15.Bd3xg6 hxg6
16.Qh5xh8 Bc3xa1
17.Qh8h7 Kf8
18.Rf1d1 g5
19.c3 Ba1xc3
20.Qh7c2 Bc3xd2
21.Rd1xd2 Qd4b6
22.b4 Ke8
23.Qc2g6 Kf8
24.a4 Qb6c7
25.Qg6d3 Ke8
26.Rd2c2 Qc7e5
27.h3 Qe5e1
28.Kh2 Qe1xb4
29.Rc2c7 Qb4f4
30.Qd3g3 Qf4xa4
31.Qg3d6 a5
32.Rc7xc8 Ra8xc8
33.Qd6xe6 Ng8e7
34.Qe6xf6 g4
35.Qf6b2 b5
36.hxg4 Rc8c2
37.Qb2e5 Rc2xf2
38.g5 Qa4h4
39.Kg1 Rf2b2
40.Qe5xb2 Qh4xg5
41.Kf1 b4
42.Qb2b3 Qg5b5
43.Ke1 a4
44.Qb3e3 a3
45.Qe3a7 Qb5e5
46.Kd1 Qe5d5
47.Kc1 Qd5xg2
48.Qa7a4 Ne7c6
49.Qa4c2 Qg2d5
50.Kb1 b3
51.Qc2c1 Qd5d3
52.Ka1 b2
53.Qc1xb2 axb2
54.Kxb2 Nc6b4
55.Ka1 Qd3c3
56.Kb1 Qc3c2
57.Ka1 Qc2a2

0-1

[Event "Match"]
[Site "www.echecsemail.com"]
[Date "2016.01.07"]
[Round "1"]
[White "Jhw"]
[Black "Geodad5"]
[WhiteElo "2030"]
[BlackElo "2180"]
[Result "0-1"]
[Round "1"]
1.Ng1f3 d5
2.d4 Ng8f6
3.Nb1c3 e6
4.g3 Bf8e7
5.e3 O-O
6.Bf1d3 h6
7.Bc1d2 c5
8.b3 Nb8c6
9.Qd1e2 a6
10.dxc5 Be7xc5
11.Nc3a4 Bc5d6
12.e4 dxe4
13.Bd3xe4 Bc8d7
14.O-O-O Bd6a3
15.Kb1 b5
16.Na4b2 Qd8e7
17.Rh1e1 Ra8c8
18.Be4xc6 Bd7xc6
19.Nf3e5 Bc6d5
20.Bd2f4 Nf6e4
21.f3 Ne4c3
{ resign }
0-1

[Event "Match"]
[Site "www.echecsemail.com"]
[Date "2016.01.07"]
[Round "1"]
[White "Bojan"]
[Black "Ssharp"]
[WhiteElo "2060"]
[BlackElo "2250"]
[Result "0-1"]
[Round "1"]
1.d4 d5
2.Qd1d3 Ng8f6
3.Ng1f3 e6
4.a3 Nb8d7
5.Nb1c3 c5
6.h3 a6
7.e4 cxd4
8.Nf3xd4 Nd7c5
9.Qd3e2 Nc5xe4
10.Nc3xe4 Nf6xe4
11.Qe2d3 Qd8b6
12.b4 e5
13.Bc1e3 exd4
14.Be3xd4 Qb6e6
15.Kd1 Bc8d7
16.Bf1e2 Bf8e7
17.Rh1e1 Bd7b5
18.Qd3f3 Bb5xe2
19.Re1xe2 O-O
20.Re2e3 Be7f6
21.Bd4xf6 Qe6xf6
22.Qf3xf6 Ne4xf6
23.Kd2 Rf8e8
24.Ra1e1 Re8xe3
{ resign }
0-1

[Event "Match"]
[Site "www.echecsemail.com"]
[Date "2016.01.07"]
[Round "1"]
[White "Samdarr"]
[Black "Tldarr"]
[WhiteElo "1499"]
[BlackElo "1499"]
[Result "1-0"]
[Round "1"]
1.Nb1c3 Nb8c6
2.d3 e5
3.a3 Ng8f6
4.f4 exf4
5.Bc1xf4 Nf6h5
6.g3 Nh5xf4
7.Qd1d2 Nf4h5
8.Qd2e3 Bf8e7
9.g4 Nh5f6
10.g5 Nf6g4
11.Qe3e4 h5
12.g6 Ng4f6
13.gxf7 Kxf7
14.Qe4f4 Be7d6
15.Qf4h4 Qd8e7
{ time. }
1-0

[Event "Match"]
[Site "www.echecsemail.com"]
[Date "2016.01.07"]
[Round "1"]
[White "Tonino1"]
[Black "Vitoriccardo"]
[WhiteElo "1990"]
[BlackElo "1860"]
[Result "1/2-1/2"]
[Round "1"]
1.d4 Ng8f6
2.Ng1f3 d5
3.e3 Bc8g4
4.Nb1d2 Nb8c6
5.b3 e5
6.dxe5 Nc6xe5
7.Bf1e2 Bf8d6
8.Bc1b2 Ne5c6
9.O-O Qd8e7
10.h3 Bg4h5
11.c4 O-O-O
12.Nf3d4 Bh5xe2
13.Qd1xe2 Nc6xd4
14.Bb2xd4 Bd6c5
15.Bd4xc5 Qe7xc5
16.Ra1c1 d4
17.e4 Rh8e8
18.f3 Nf6h5
19.f4 d3
20.Qe2f2 Qc5xf2
21.Rf1xf2 Nh5g3
22.Rc1e1 Ng3e2
23.Kh2 f6
24.g3 Rd8d4
25.Rf2f3 Ne2c3
26.Rf3e3 Nc3xa2
27.Nd2f3 Rd4d7
28.Re1d1 Na2b4
29.Nf3e1 Re8d8
30.e5 fxe5
31.Re3xe5 Nb4c2
32.Rd1d2 Nc2xe1
33.Re5xe1 c5
34.Re1e3 a6
35.Kg2 b5
36.Kf2 bxc4
37.bxc4 Rd7d4
38.Re3e6 Rd4xc4
39.Re6xa6 Kb7
40.Ra6a2 Rc4d4
41.Ke1 Rd4e4
42.Kd1 c4
43.Ra2a3 Rd8a8
44.Rd2b2 Kc7
45.Ra3xa8 c3
46.Rb2a2 c2
47.Kd2 Re4e2
48.Kxd3 c1Q
49.Ra2a7 Kb6
50.Ra7a6 Kb7
51.Kxe2 Qc1c2
52.Kf3 Qc2d3
53.Kg4 Qd3e2
54.Kg5 Qe2e7
55.Kg4 Qe7e2
56.Kg5 Qe2e7
57.Kg4 { draw }
1/2-1/2

[Event "1/128 Finale"]
[Site "www.chess-mail.com"]
[Date "2016.01.07"]
[Round "1"]
[White "Vinvangogh"]
[Black "Genius9"]
[WhiteElo "1560"]
[BlackElo "1790"]
[Result "0-1"]
[Round "1"]
1.Nb1c3 d5
2.d4 Ng8f6
3.Bc1g5 Nb8d7
4.Nc3b5 a6
5.Nb5c3 g6
6.Bg5f4 Bf8g7
7.e3 O-O
8.Ng1h3 b5
9.e4 dxe4
10.d5 Bc8b7
11.Qd1e2 Nf6xd5
12.Nc3xd5 Bb7xd5
13.b3 Bg7xa1
14.c4 bxc4
15.bxc4 Ba1c3
16.Kd1 Bd5b7
17.g4 Nd7c5
18.Kc2 e5
19.Bf4g5 Qd8d7
20.Kxc3 Qd7d4
21.Kc2 Nc5d3
22.Qe2d2 Qd4xc4
23.Kd1 Qc4a4
24.Ke2 Nd3f4
25.Bg5xf4 exf4
26.Qd2xf4 Ra8d8
27.Bf1g2 Qa4c2
28.Ke1 Rd8d1
{ resign }
0-1

[Event "1/32 Finale"]
[Site "www.chess-mail.com"]
[Date "2016.01.07"]
[Round "1"]
[White "Hennie4820"]
[Black "Obisporey"]
[WhiteElo "2040"]
[BlackElo "2630"]
[Result "0-1"]
[Round "1"]
1.e4 c5
2.Ng1f3 Nb8c6
3.d4 cxd4
4.Nf3xd4 Ng8f6
5.Nb1c3 d6
6.Bc1e3 Nf6g4
7.Qd1d2 Ng4xe3
8.Qd2xe3 e6
9.Bf1b5 Bc8d7
10.O-O-O Bf8e7
11.Nd4xc6 bxc6
12.Bb5a4 Qd8b6
13.Qe3g3 O-O
14.f3 Ra8b8
15.Ba4b3 c5
16.Rd1d3 Rf8c8
17.Kd1 c4
18.Rd3d2 cxb3
19.cxb3 Qb6a5
20.Ke1 Rc8xc3
21.bxc3 Qa5xc3
22.Qg3f2 Be7g5
23.f4 Bg5d8
24.Qf2d4 Qc3c1
25.Rd2d1 Qc1c2
26.Rd1d2 Qc2b1
27.Rd2d1 Bd8a5
28.Ke2 Qb1xa2
29.Kf3 Rb8xb3
30.Rd1d3 Ba5b6
31.Rd3xb3 Qa2xb3
{ resign }
0-1

[Event "Eq:Slap Shot Mates-Los Tercios : "]
[Site "www.chess-mail.com"]
[Date "2016.01.07"]
[Round "1"]
[White "Ericleo1980"]
[Black "Sebolix"]
[WhiteElo "2340"]
[BlackElo "2670"]
[Result "0-1"]
[Round "1"]
1.e4 e6
2.d4 d5
3.Nb1c3 Ng8f6
4.Bc1g5 Bf8b4
5.e5 h6
6.Bg5d2 Bb4xc3
7.bxc3 Nf6e4
8.Qd1g4 Kf8
9.Bf1d3 Ne4xd2
10.Kxd2 c5
11.f4 c4
12.Bd3e2 Nb8c6
13.Ng1f3 b5
14.a3 a5
15.Rh1b1 Ra8b8
16.h4 Bc8d7
17.Rb1b2 Kg8
18.h5 Qd8c7
19.Rb2a2 Kh7
20.Qg4h4 Rh8c8
21.g4 b4
22.axb4 axb4
23.cxb4 c3
24.Ke3 Nc6xb4
25.Be2d3 Kh8
26.Ra2a7 Rb8b7
27.Ra7xb7 Qc7xb7
28.g5 Bd7b5
29.gxh6 Bb5xd3
30.hxg7 Kg8
31.Ra1g1 Nb4xc2
32.Kf2 Qb7b2
33.Kg3 Nc2e3
34.Qh4f6 Ne3f5
35.Kh3 Qb2f2
36.Nf3g5 Bd3f1
{ resign }
0-1

[Event "Tourn. n8560"]
[Site "www.chess-mail.com"]
[Date "2016.01.08"]
[Round "1"]
[White "Starwind"]
[Black "Bojan"]
[WhiteElo "1809"]
[BlackElo "2100"]
[Result "1-0"]
[Round "1"]
1.e4 e5
2.Ng1f3 Nb8c6
3.d4 exd4
4.Nf3xd4 Nc6xd4
5.Qd1xd4 b6
6.Nb1c3 Bc8b7
7.Nc3b5 Ng8e7
8.Bc1g5 a6
9.Qd4xb6 Bb7c6
10.Nb5xc7 { resign }
1-0

[Event "Tourn. n8514"]
[Site "www.chess-mail.com"]
[Date "2016.01.08"]
[Round "1"]
[White "Amaya"]
[Black "Expert"]
[WhiteElo "2000"]
[BlackElo "1850"]
[Result "1-0"]
[Round "1"]
1.d4 f5
2.e3 Ng8f6
3.Bf1d3 e6
4.Nb1d2 Bf8e7
5.f4 O-O
6.Ng1f3 b6
7.O-O Bc8b7
8.c3 Be7d6
9.Nf3e5 Nb8c6
10.Qd1e1 Nc6e7
11.Qe1h4 Qd8e8
12.Rf1f3 Bb7xf3
13.Nd2xf3 Ra8d8
14.Nf3g5 Qe8h5
15.Qh4g3 h6
16.Bd3e2 Qh5e8
17.Ng5h3 Nf6e4
18.Qg3h4 Bd6xe5
19.fxe5 Ne7g6
20.Qh4e1 d6
21.Be2h5 dxe5
22.b3 exd4
23.exd4 Rf8f6
24.Nh3f4 Ng6xf4
25.Bh5xe8 { resign }
1-0

[Event "Tourn. n8516"]
[Site "www.chess-mail.com"]
[Date "2016.01.08"]
[Round "1"]
[White "Osopanda"]
[Black "Julian"]
[WhiteElo "1880"]
[BlackElo "1930"]
[Result "1-0"]
[Round "1"]
1.d4 d5
2.c4 c6
3.Ng1f3 Ng8f6
4.cxd5 cxd5
5.Nb1c3 Nb8c6
6.g3 Bc8f5
7.Bf1g2 h6
8.O-O e6
9.Nf3h4 Bf5h7
10.a3 Bf8e7
11.Nh4f3 O-O
12.Rf1e1 Ra8c8
13.e4 dxe4
14.Nf3e5 Nc6xd4
15.Nc3xe4 Nf6xe4
16.Bg2xe4 Bh7xe4
17.Re1xe4 Be7c5
18.Bc1e3 f5
19.Re4xd4 Bc5xd4
20.Qd1xd4 Qd8xd4
21.Be3xd4 Rf8d8
22.Bd4c3 g5
23.Ra1e1 Rd8d6
24.Kg2 h5
25.f4 Rc8c5
26.fxg5 Kh7
27.h3 a5
28.Re1e3 b5
29.b4 Rc5d5
30.g4 hxg4
31.hxg4 axb4
32.Bc3xb4 Rd6d8
33.Kf3 Rd5d1
34.gxf5 exf5
35.Kf4 Rd1f1
36.Ne5f3 Rd8d5
37.Bb4e7 Kg7
38.Be7f6 Kg6
39.Kg3 f4
40.Kxf4 Rd5f5
41.Kg4 Rf1c1
42.Nf3h4 { resign }
1-0

[Event "Tourn. n8525"]
[Site "www.chess-mail.com"]
[Date "2016.01.08"]
[Round "1"]
[White "Goosebumps"]
[Black "Guidom"]
[WhiteElo "2180"]
[BlackElo "2040"]
[Result "0-1"]
[Round "1"]
1.e4 e5
2.f4 exf4
3.Ng1f3 d5
4.exd5 Qd8xd5
5.Nb1c3 Qd5d8
6.Bf1c4 Bc8g4
7.O-O Bg4xf3
8.Qd1xf3 Qd8d4
9.Kh1 Qd4xc4
10.d3 Qc4c6
11.Qf3xf4 f6
12.Bc1e3 Bf8d6
13.Qf4g4 Qc6d7
14.Qg4e4 Ng8e7
15.Qe4xb7 Qd7c6
16.Qb7b3 Nb8d7
17.Ra1b1 Nd7b6
18.Rf1e1 O-O-O
19.Nc3e4 Ne7g6
20.a3 Rh8e8
21.Rb1c1 Ng6e5
22.Be3d2 Ne5g4
23.h3 Re8xe4
24.dxe4 Ng4f2
25.Kg1 Nb6c4
26.Kxf2 Nc4xd2
27.Qb3e6 Kb8
28.Kg1 Bd6c5
29.Kh1 Qc6xe6
{ resign }
0-1

[Event "Tourn. n8544"]
[Site "www.chess-mail.com"]
[Date "2016.01.08"]
[Round "1"]
[White "Karpawn"]
[Black "Roque1"]
[WhiteElo "1659"]
[BlackElo "1750"]
[Result "1-0"]
[Round "1"]
1.e4 c5
2.f4 e6
3.Ng1f3 Ng8f6
4.d3 Nb8c6
5.g3 d5
6.e5 Nf6d7
7.Bf1g2 b5
8.O-O Qd8b6
9.f5 Nd7xe5
10.Nf3xe5 Nc6xe5
11.Rf1e1 Ne5c6
12.Nb1c3 Bf8d6
13.Nc3xd5 Qb6a6
14.Qd1g4 g6
15.fxe6 Bc8xe6
16.Re1xe6 fxe6
17.Qg4xe6 Nc6e7
18.Nd5f6 Kf8
19.Bc1h6 
1-0

[Event "Tourn. n8446"]
[Site "www.chess-mail.com"]
[Date "2016.01.08"]
[Round "1"]
[White "Bira47"]
[Black "Hundegana"]
[WhiteElo "2010"]
[BlackElo "2000"]
[Result "1/2-1/2"]
[Round "1"]
1.c4 c5
2.g3 a5
3.Bf1g2 Ra8a6
4.Nb1c3 e6
5.Ng1f3 Nb8c6
6.a3 Ng8e7
7.e3 g6
8.O-O Bf8g7
9.Rf1e1 Nc6e5
10.Nf3xe5 Bg7xe5
11.d4 cxd4
12.exd4 Be5g7
13.Nc3b5 O-O
14.d5 e5
15.d6 Ne7f5
16.c5 b6
17.Nb5c7 Ra6a7
18.cxb6 Ra7b7
19.Bg2xb7 Bc8xb7
20.Ra1b1 Qd8f6
21.b4 axb4
22.Bc1b2 Qf6xd6
23.Qd1xd6 Nf5xd6
24.Bb2xe5 Bg7xe5
25.Re1xe5 bxa3
26.Rb1c1 Kg7
27.Nc7d5 a2
28.Rc1a1 Rf8a8
29.Nd5c7 Ra8a3
30.Re5e3 Ra3a5
31.Nc7e8 Nd6xe8
32.Re3xe8 Ra5a6
33.Re8b8 Bb7c6
34.b7 Kf6
35.Rb8a8 Bc6xb7
36.Ra8xa6 Bb7xa6
37.Ra1xa2 Ba6b5
38.f4 d5
39.Kf2 h6
40.Ke3 Bb5c4
41.Ra2a7 g5
42.fxg5 hxg5
43.h4 gxh4
44.gxh4 Kg6
45.Kd4 Kh5
46.Ra7xf7 Kxh4
47.Rf7g7 Kh3
48.Ke3 Kh4
49.Kf4 Kh5
50.Ke3 Kh6
51.Rg7g1 Kh5
52.Rg1g2 Kh6
53.Kd4 Kh5
54.Ke5 Kh4
55.Rg2g7 Kh5
{ draw }
1/2-1/2

[Event "Tourn. n8536"]
[Site "www.chess-mail.com"]
[Date "2016.01.08"]
[Round "1"]
[White "Cardiff"]
[Black "Malbertan"]
[WhiteElo "1970"]
[BlackElo "2050"]
[Result "1-0"]
[Round "1"]
1.e4 Ng8f6
2.e5 Nf6g8
3.d4 Nb8c6
4.f4 e6
5.Ng1f3 f5
6.Bf1d3 Ng8h6
7.O-O Bf8e7
{ time. }
1-0

[Event "Tourn. n8380"]
[Site "www.chess-mail.com"]
[Date "2016.01.08"]
[Round "1"]
[White "Madz123456"]
[Black "Numanoid"]
[WhiteElo "2240"]
[BlackElo "2510"]
[Result "0-1"]
[Round "1"]
1.e4 c5
2.Ng1f3 e6
3.d4 cxd4
4.Nf3xd4 Ng8f6
5.Nb1c3 Bf8b4
6.e5 Nf6d5
7.Bc1d2 Nd5xc3
8.bxc3 Bb4a5
9.Qd1g4 O-O
10.Bf1d3 d6
11.Nd4f3 f5
12.Qg4f4 Nb8c6
13.exd6 e5
14.Qf4c4 Kh8
15.Nf3g5 Qd8xd6
16.Ng5f7 Rf8xf7
17.Qc4xf7 Bc8e6
18.Qf7h5 e4
19.Bd3b5 Nc6e5
20.Ra1d1 Ne5c4
21.Bb5xc4 Be6xc4
22.Qh5xf5 e3
23.fxe3 Ra8f8
24.Qf5g4 b5
25.a4 Qd6f6
26.Qg4f4 Qf6e7
27.Qf4g4 Ba5xc3
28.Qg4g3 Bc3f6
29.Qg3g4 Bf6h4
30.g3 Bh4g5
{ resign }
0-1

[Event "Tourn. n8509"]
[Site "www.chess-mail.com"]
[Date "2016.01.08"]
[Round "1"]
[White "Bojan"]
[Black "Julian"]
[WhiteElo "2040"]
[BlackElo "1930"]
[Result "1/2-1/2"]
[Round "1"]
1.e4 c5
2.Ng1f3 d6
3.d4 cxd4
4.Nf3xd4 Ng8f6
5.Qd1f3 a6
6.Bf1d3 e5
7.Nd4f5 Bc8e6
8.b3 Nb8d7
9.b4 d5
10.c3 dxe4
11.Bd3xe4 Nf6xe4
12.Qf3xe4 Qd8c7
13.Bc1b2 Nd7f6
14.Qe4f3 Be6d5
15.Qf3g3 g6
16.Nf5e3 Bd5e6
17.O-O Bf8g7
18.Nb1d2 O-O
19.Nd2f3 Ra8c8
20.a3 Nf6e4
21.Qg3h4 f5
22.Ra1c1 Bg7f6
23.Qh4h6 Qc7g7
24.Qh6xg7 Kxg7
25.c4 Ne4d6
26.c5 Nd6b5
27.Rf1d1 Rf8d8
28.Kf1 Nb5d4
29.Nf3xd4 exd4
30.Ne3c2 Be6b3
31.Rd1d2 Bb3c4
32.Kg1 d3
33.Bb2xf6 Kxf6
34.Nc2e1 Bc4b5
35.Rc1c3 Rc8c6
36.f4 Rc6e6
37.Kf2 Rd8d4
38.g3 Re6e2
39.Rd2xe2 dxe2
40.Ne1f3 Rd4d1
41.Nf3e1 h6
42.Rc3e3 Rd1a1
43.Ne1c2 { draw }
1/2-1/2

[Event "Tourn. n8533"]
[Site "www.chess-mail.com"]
[Date "2016.01.08"]
[Round "1"]
[White "Gatrooper"]
[Black "Billyg"]
[WhiteElo "1620"]
[BlackElo "1690"]
[Result "0-1"]
[Round "1"]
1.e4 e6
2.d4 d5
3.e5 a6
4.h3 Bf8b4
5.Bc1d2 Bb4xd2
6.Nb1xd2 f6
7.exf6 Ng8xf6
8.Ng1f3 Nb8c6
9.a3 O-O
10.Nf3g5 Nf6e4
11.Nd2xe4 dxe4
12.Ng5xe4 Nc6xd4
13.Ne4d2 Qd8f6
14.f3 Qf6e5
15.Nd2e4 Rf8d8
16.Bf1d3 b5
17.Qd1d2 Bc8b7
18.b4 Bb7xe4
19.fxe4 Qe5g3
20.Kd1 Rd8d7
21.Kc1 Nd4c6
22.Kb1 Nc6d4
23.Rh1g1 Nd4f3
24.Qd2c1 Nf3xg1
25.Qc1xg1 Ra8d8
26.Ka2 Rd7xd3
27.Kb1 Rd3d1
28.Qg1xd1 Rd8xd1
29.Ka2 Rd1xa1
30.Kxa1 Qg3c3
31.Kb1 Qc3xa3
32.g4 Qa3xb4
33.Kc1 a5
34.Kd1 a4
35.Ke2 a3
{ resign }
0-1

[Event "Tourn. n8561"]
[Site "www.chess-mail.com"]
[Date "2016.01.08"]
[Round "1"]
[White "Huw"]
[Black "Bojan"]
[WhiteElo "2220"]
[BlackElo "2100"]
[Result "0-1"]
[Round "1"]
1.d4 d5
2.c4 dxc4
3.Ng1f3 c6
4.a4 b5
5.e3 a6
6.axb5 cxb5
7.b3 Qd8c7
8.bxc4 bxc4
9.Qd1a4 Bc8d7
10.Qa4xc4 Qc7b6
11.Bc1d2 e6
12.Bd2a5 Qb6b2
13.Ba5c3 Qb2c1
14.Ke2 Bd7b5
15.Qc4xb5 axb5
16.Ra1xa8 Qc1c2
17.Nf3d2 Bf8d6
18.e4 Ng8e7
19.g3 O-O
20.Bf1g2 b4
{ resign }
0-1

[Event "Tourn. n8536"]
[Site "www.chess-mail.com"]
[Date "2016.01.08"]
[Round "1"]
[White "Amaya"]
[Black "Julian"]
[WhiteElo "2060"]
[BlackElo "1970"]
[Result "0-1"]
[Round "1"]
1.d4 Ng8f6
2.e3 d5
3.Bf1d3 g6
4.f4 Bf8g7
5.Ng1f3 O-O
6.Nb1d2 b6
7.O-O c5
8.c3 Nb8c6
9.Nf3e5 Bc8b7
10.Qd1f3 Nc6xe5
11.fxe5 Nf6e4
12.Nd2xe4 dxe4
13.Bd3xe4 Bb7xe4
14.Qf3xe4 e6
15.Qe4g4 Qd8d5
16.Qg4h4 f5
17.b3 cxd4
18.exd4 Ra8c8
19.Bc1h6 Rc8xc3
20.Bh6xg7 Kxg7
21.Ra1c1 Rc3xc1
22.Rf1xc1 Rf8f7
23.Qh4f4 Qd5e4
24.Qf4d2 h6
25.Rc1e1 Qe4d5
26.Re1c1 f4
27.b4 f3
28.g3 g5
29.h3 f2
30.Kf1 Qd5h1
31.Ke2 f1Q
{ resign }
0-1

[Event "Tourn. n8482"]
[Site "www.chess-mail.com"]
[Date "2016.01.08"]
[Round "1"]
[White "Cardiff"]
[Black "Maredocla"]
[WhiteElo "1920"]
[BlackElo "2040"]
[Result "1/2-1/2"]
[Round "1"]
1.d4 g6
2.e4 Bf8g7
3.Nb1c3 e6
4.Ng1f3 Ng8e7
5.Bc1e3 d6
6.Qd1d2 Nb8d7
7.Be3h6 O-O
8.Bh6xg7 Kxg7
9.h4 h6
10.O-O-O a6
11.h5 g5
12.Bf1d3 b5
13.Nf3xg5 Ne7c6
14.Ng5f3 Nc6b4
15.a3 Nb4xd3
16.Qd2xd3 Bc8b7
17.Rh1h3 Kh7
18.e5 f5
19.exd6 cxd6
20.Rh3g3 Nd7f6
21.Rg3h3 Nf6g4
22.Qd3e2 Qd8f6
23.Kb1 Ra8c8
24.Rd1e1 Rf8e8
25.Qe2d2 e5
26.dxe5 dxe5
27.Qd2e2 { draw }
1/2-1/2

[Event "Tourn. n8537"]
[Site "www.chess-mail.com"]
[Date "2016.01.08"]
[Round "1"]
[White "Faerieking"]
[Black "Xkafi"]
[WhiteElo "2270"]
[BlackElo "2010"]
[Result "1-0"]
[Round "1"]
1.e4 e5
2.d4 exd4
3.c3 Qd8h4
4.cxd4 Qh4xe4
5.Bc1e3 Bf8b4
6.Nb1d2 f5
7.Ng1e2 Ng8f6
8.a3 Bb4xd2
9.Qd1xd2 Nf6d5
10.Ne2g3 Qe4e6
11.Bf1c4 O-O
12.O-O g5
13.Be3xg5 Rf8f7
14.Ra1e1 Qe6c6
15.Re1e8 Rf7f8
16.Bc4xd5 Qc6xd5
17.Re8xf8 Kxf8
18.Bg5h6 Kf7
19.Qd2g5 Nb8c6
20.Qg5g7 Ke6
21.Rf1e1 Kd6
22.Qg7f6 { resign }
1-0

[Event "Tourn. n8465"]
[Site "www.chess-mail.com"]
[Date "2016.01.08"]
[Round "1"]
[White "Ssharp"]
[Black "Goosebumps"]
[WhiteElo "2220"]
[BlackElo "2020"]
[Result "0-1"]
[Round "1"]
1.e4 c5
2.Ng1f3 e6
3.c4 Nb8c6
4.Nb1c3 a6
5.d3 Qd8c7
6.Bc1e3 Ng8f6
7.Bf1e2 Bf8e7
8.h3 O-O
9.O-O Rf8d8
10.Ra1c1 d5
11.cxd5 exd5
12.exd5 Nf6xd5
13.a3 b5
14.Be3g5 Nd5xc3
15.bxc3 Be7xg5
16.Nf3xg5 Qc7d6
17.Ng5f3 Bc8f5
18.d4 cxd4
19.cxd4 Nc6xd4
20.Nf3xd4 Qd6xd4
21.Qd1xd4 Rd8xd4
22.Be2f3 Ra8d8
23.Rf1d1 Rd4xd1
24.Rc1xd1 Rd8xd1
25.Bf3xd1 Kf8
26.Kf1 Ke7
27.Ke2 Kd6
28.Kd2 Kc5
29.Kc3 a5
30.g4 b4
31.axb4 axb4
32.Kb2 Bf5e6
33.Bd1c2 h5
34.f3 hxg4
35.hxg4 Kd4
36.Bc2a4 Be6d5
37.f4 Ke4
38.f5 Kf4
39.Ba4d7 f6
{ resign }
0-1

[Event "Tourn. n8453"]
[Site "www.chess-mail.com"]
[Date "2016.01.08"]
[Round "1"]
[White "Amaya"]
[Black "Andychesston"]
[WhiteElo "2050"]
[BlackElo "2000"]
[Result "1-0"]
[Round "1"]
1.d4 d5
2.e3 Ng8f6
3.Bf1d3 Nb8c6
4.c3 Bc8g4
5.f3 Bg4h5
6.Nb1d2 e5
7.Ng1e2 Bf8d6
8.O-O O-O
9.Qd1e1 Rf8e8
10.a3 e4
11.fxe4 dxe4
12.Bd3c2 Bh5g6
13.Ne2f4 Qd8d7
14.Nf4xg6 fxg6
15.Nd2c4 Re8f8
16.Bc2b3 Bd6e7
17.Bb3a4 a6
18.Nc4a5 b5
19.Ba4b3 Nf6d5
20.Na5xc6 Qd7xc6
21.Bc1d2 Ra8d8
22.Qe1g3 Rf8f5
23.Ra1c1 Rd8f8
24.Rf1xf5 Rf8xf5
25.c4 Nd5f6
26.cxb5 Qc6d5
27.Bb3xd5 Nf6xd5
28.bxa6 Be7d6
29.Qg3xd6 cxd6
30.Rc1c8 Kf7
31.a7 Nd5b6
32.a8Q Nb6xa8
33.Rc8xa8 h5
34.Bd2b4 Ke6
35.Ra8a7 Rf5f7
36.Ra7xf7 Kxf7
37.Bb4xd6 Ke6
38.Bd6e5 Kf7
39.a4 Ke7
40.a5 Kd7
41.b4 Kc6
42.Be5xg7 Kb5
43.Bg7f8 Kc6
44.Kf2 g5
45.Kg3 Kd7
46.a6 Kc7
47.a7 Kb7
48.Bf8c5 Ka8
49.d5 { resign }
1-0

[Event "Tourn. n8392"]
[Site "www.chess-mail.com"]
[Date "2016.01.08"]
[Round "1"]
[White "Libiesse"]
[Black "Falcoale"]
[WhiteElo "2090"]
[BlackElo "1900"]
[Result "1/2-1/2"]
[Round "1"]
1.d4 Ng8f6
2.c4 b6
3.f3 Bc8b7
4.Nb1c3 e6
5.Bc1g5 h6
6.Bg5h4 Bf8e7
7.e4 O-O
8.Bf1d3 a6
9.Ng1e2 c5
10.e5 Nf6e8
11.Bh4xe7 Qd8xe7
12.Kf1 Nb8c6
13.Bd3e4 f5
14.Be4c2 cxd4
15.Ne2xd4 d6
16.Nd4xc6 Bb7xc6
17.exd6 Ne8xd6
18.b3 Ra8d8
19.Qd1e2 Nd6f7
20.Bc2xf5 Rf8e8
21.Bf5e4 Bc6xe4
22.Nc3xe4 Nf7g5
23.Qe2e3 Ng5xe4
24.Qe3xe4 Qe7b4
25.Kf2 Rd8d2
26.Kg3 Qb4e7
27.Qe4e3 Rd2d6
28.Rh1d1 Re8d8
29.Rd1xd6 Qe7xd6
30.f4 Qd6d3
31.Qe3xd3 Rd8xd3
32.Kf2 Rd3d4
33.Ke3 Rd4d6
34.Ra1c1 Kf7
35.g3 Kf6
36.b4 e5
37.fxe5 Kxe5
38.c5 bxc5
39.bxc5 Rd6c6
40.a3 Kd5
41.g4 Rc6xc5
42.Rc1xc5 Kxc5
43.Kd3 a5
44.Ke4 Kc4
45.Kf5 Kb3
46.Kg6 Kxa3
47.Kxg7 Kb2
48.Kxh6 a4
49.g5 a3
50.g6 a2
51.g7 a1Q
52.g8Q Qa1c1
53.Kh7 Qc1c2
54.Qg8g6 Qc2xh2
55.Qg6h6 Qh2xh6
56.Kxh6 { draw }
1/2-1/2